| 000 | 00625nam a22002297a 4500 | ||
|---|---|---|---|
| 999 |
_c6511 _d6511 |
||
| 001 | 3714 | ||
| 003 | BD-DhUAP | ||
| 005 | 20210103144531.0 | ||
| 008 | 210103s1990 enka b 001 0 eng | ||
| 020 | _a0207165947 | ||
| 040 |
_aDNLM/DLC _cDLC _dBD-DhUAP _beng |
||
| 082 | 0 | 0 |
_a823.3 ALL _223 |
| 100 | _aAllen, Robert. | ||
| 245 |
_aTokyo no hana / _cRobert Allen. |
||
| 260 |
_aNorth Ryde : _bAngus and Robertson, _cc1990. |
||
| 300 |
_a103 pages : _billustrations ; _c19 cm. |
||
| 490 | _aImprint. | ||
| 504 | _aIncludes bibliographies and index. | ||
| 651 |
_aJapan _zTokyo. |
||
| 651 | _aAustralians. | ||
| 942 |
_2ddc _cBK |
||